Central Library OPAC University of Rajshahi

Nutrition survey of rural Bangladesh, 1975-76 / (Record no. 73748)

MARC details
000 -LEADER
fixed length control field 00964nam a2200265 a 4500
001 - CONTROL NUMBER
control field 73748
003 - CONTROL NUMBER IDENTIFIER
rucl marc code BD-RjUL
005 - DATE AND TIME OF LATEST TRANSACTION
control field 20211209082436.0
008 - FIXED-LENGTH DATA ELEMENTS--GENERAL INFORMATION
fixed length control field 170608s1977 bg bf b 001 0 eng d
035 ## - SYSTEM CONTROL NUMBER
System control number (BD-RjUL)73966
040 ## - CATALOGING SOURCE
Original cataloging agency BD-RjUL
Language of cataloging eng
Transcribing agency BD-RjUL
Modifying agency BD-RjUL
041 ## - LANGUAGE CODE
Language code of text/sound track or separate title eng
082 ## - DEWEY DECIMAL CLASSIFICATION NUMBER
Edition number 23
Classification number 641.0954
Author mark and year NUT 1977
110 2# - MAIN ENTRY--CORPORATE NAME
Corporate name or jurisdiction name as entry element University of Dacca.
Subordinate unit Institute of Nutrition and Food Science.
9 (RLIN) 218485
245 10 - TITLE STATEMENT
Title Nutrition survey of rural Bangladesh, 1975-76 /
Statement of responsibility, etc. editorial committee, Kamaluddin Ahmed, Md. Nazmul Huda, Ahmed Saber
260 ## - PUBLICATION, DISTRIBUTION, ETC. (IMPRINT)
Place of publication, distribution, etc. Dacca :
Name of publisher, distributor, etc. Institute of Nutrition and Food Science, University of Dacca,
Date of publication, distribution, etc. 1977
300 ## - PHYSICAL DESCRIPTION
Pagination iii, 237 p.:
Illustrations ill. ;
Size 29 cm
504 ## - BIBLIOGRAPHY, ETC. NOTE
Bibliography, etc Bibliographical references: p. 234-237
650 #0 - SUBJECT ADDED ENTRY--TOPICAL TERM
Topical term or geographic name as entry element Nutrition surveys
Geographic subdivision Bangladesh
9 (RLIN) 218320
700 1# - ADDED ENTRY--PERSONAL NAME
Personal name Kamaluddin Ahmed,
Dates associated with a name 1928-
Personal name Huda, Md. Nazmul.
Personal name Saber, Ahmed.
942 ## - ADDED ENTRY ELEMENTS (KOHA)
Source of classification or shelving scheme Dewey Decimal Classification
Koha item type Books
Holdings
Lost status Source of classification or shelving scheme Damaged status Not for loan Collection code Permanent Location Current Location Shelving location Date acquired Source of acquisition Cost, normal purchase price Total Checkouts Full call number Date last seen Copy number Koha item type
  Dewey Decimal Classification   Not For Loan Non-fiction Central Library, University of Rajshahi Central Library, University of Rajshahi Reading Room 20/03/1980 rajshahi, neamat book 75.00   641.0954 NUT 1977 08/06/2017 C-2 Books